Länder, die nach Bevölkerung den Bundesländern entsprechen - Statistiken

Allgemein
  • Dieses Quiz wurde 13.278 mal gespielt
  • Das Durchschnittsergebnis liegt bei 10 aus 16
Antworten auf der Karte
Die Antworten werden auf der Karte rot bzw. grün angezeigt, abhängig davon wie oft sie richtig erraten wurden.
 
Antwortstatistiken
Flaggenkarte Bundesland Land % Korrekt
RP Rheinland-Pfalz Kroatien
96%
SH Schleswig-Holstein Katar
90%
SN Sachsen Moldawien
80%
HH Hamburg Lettland
79%
MV Mecklenburg-Vorpommern Bahrain
74%
HE Hessen El Salvador
67%
NW Nordrhein-Westfalen Guatemala
67%
TH Thüringen Lesotho
63%
ST Sachsen-Anhalt Gabun
60%
BE Berlin Eritrea
55%
BB Brandenburg Namibia
53%
NI Niedersachsen Sierra Leone
51%
BY Bayern Guinea
50%
SL Saarland Dschibuti
49%
BW Baden-Württemberg Südsudan
49%
HB Bremen Salomonen
25%
Keine übereinstimmenden Quizze gefunden
Verteilung der Resultate
Anzahl Personen mit jedem Resultat
Perzentil nach korrekt beantworteten Fragen
Ihre Resultats-Entwicklung
Sie haben dieses Quiz noch nicht gespielt